Estadísticas para Copa Mundial de la FIFA 2010

Haz click aquí para intentar la prueba.

Estadísticas generales

  • Esta prueba ha sido intentada 1.008 veces
  • La puntuación promedio es 26 de 32

Estadísticas de respuestas

GrupoEquipo% Correcto
Grupo HEspaña
99%
Grupo BArgentina
97%
Grupo GBrasil
97%
Grupo DAlemania
96%
Grupo AUruguay
95%
Grupo EPaíses Bajos
94%
Grupo HChile
93%
Grupo AFrancia
93%
Grupo ASudáfrica
93%
Grupo FItalia
92%
Grupo CEstados Unidos
91%
Grupo AMéxico
91%
Grupo GPortugal
91%
Grupo CInglaterra
89%
Grupo EJapón
88%
Grupo HSuiza
88%
Grupo BCorea del Sur
85%
Grupo FParaguay
84%
Grupo DAustralia
83%
Grupo DGhana
78%
Grupo HHonduras
78%
Grupo BNigeria
77%
Grupo BGrecia
73%
Grupo ECamerún
72%
Grupo GCorea del Norte
66%
Grupo DSerbia
64%
Grupo GCosta de Marfil
63%
Grupo FNueva Zelanda
62%
Grupo CArgelia
60%
Grupo EDinamarca
60%
Grupo FEslovaquia
51%
Grupo CEslovenia
48%

Distribución de puntuación

Porcentaje por número respondido

Porcentaje de gente con cada puntuación

Historial de tus puntuaciones

No has intentado esta prueba.